Noem de 15 mooiste havenplaatsen in Nederland - Statistieken

Algemene statistieken
  • Deze quiz is 14 keer genomen
  • De gemiddelde score is 5 van 15
Antwoordstatistieken
Antwoord % Correct
Volendam
92%
Hoorn
77%
Enkhuizen
62%
Urk
54%
Goes
46%
Zierikzee
46%
Veere
31%
Harderwijk
23%
Medemblik
23%
Lelystad
15%
Muiden
15%
Willemstad
15%
Appingendam
0%
Heusden
0%
Sneek
0%
Geen overeenkomende quizzen gevonden
Scoreverdeling
Procent van Mensen met Elke Score
Percentiel versus Aantal Correcte Antwoorden
Uw Scoregeschiedenis
U heeft deze quiz nog niet genomen